[Event "Championship Moscow 2015 Seniors rapid"]
[Site "?"]
[Date "2015.11.29"]
[Round "2.13"]
[White "Kalinin, Anatoly"]
[Black "Ageichenko, Genadi A"]
[Result "0-1"]
[BlackElo "2219"]
[WhiteElo "2073"]
[LiveChessVersion "1.4.6"]

1. c4 {[%clk 0:10:09]} e5 {[%clk 0:10:07]} 2. Nc3 {[%clk 0:10:12]} Nf6
{[%clk 0:10:10]} 3. g3 {[%clk 0:10:16]} Bb4 {[%clk 0:09:52]} 4. Bg2
{[%clk 0:10:19]} O-O {[%clk 0:09:53]} 5. e3 {[%clk 0:10:23]} d6 {[%clk 0:09:44]}
6. Nge2 {[%clk 0:10:26]} Nc6 {[%clk 0:09:35]} 7. O-O {[%clk 0:10:27]} Bf5
{[%clk 0:09:31]} 8. d4 {[%clk 0:10:18]} exd4 {[%clk 0:09:19]} 9. Nxd4
{[%clk 0:10:16]} Nxd4 {[%clk 0:09:19]} 10. exd4 {[%clk 0:10:18]} Bxc3
{[%clk 0:09:04]} 11. bxc3 {[%clk 0:10:21]} Rb8 {[%clk 0:09:04]} 12. Re1
{[%clk 0:09:42]} Qd7 {[%clk 0:09:06]} 0-1

[Event "Championship Moscow 2015 Seniors rapid"]
[Site "?"]
[Date "2015.11.29"]
[Round "2.14"]
[White "Hait, Alexander"]
[Black "Neiman, Mikhail"]
[Result "1-0"]
[BlackElo "2062"]
[WhiteElo "2218"]
[LiveChessVersion "1.4.6"]

1. e4 {[%clk 0:10:07]} c6 {[%clk 0:10:09]} 2. c4 {[%clk 0:10:05]} d5
{[%clk 0:10:11]} 3. exd5 {[%clk 0:10:09]} cxd5 {[%clk 0:10:15]} 4. cxd5
{[%clk 0:10:12]} Nf6 {[%clk 0:10:17]} 5. Qa4+ {[%clk 0:10:16]} Nbd7
{[%clk 0:10:20]} 6. Nc3 {[%clk 0:10:18]} g6 {[%clk 0:10:18]} 7. Nf3
{[%clk 0:10:20]} Bg7 {[%clk 0:10:22]} 8. Bc4 {[%clk 0:10:23]} O-O
{[%clk 0:10:23]} 9. Qb3 {[%clk 0:10:26]} Nb6 {[%clk 0:10:07]} 10. d3 Bg4
{[%clk 0:09:04]} 11. Ne5 {[%clk 0:10:32]} Bf5 {[%clk 0:08:51]} 12. O-O
{[%clk 0:10:35]} Qd6 {[%clk 0:08:27]} 13. Re1 {[%clk 0:08:32]} Rac8
{[%clk 0:07:33]} 1-0

[Event "Championship Moscow 2015 Seniors rapid"]
[Site "?"]
[Date "2015.11.29"]
[Round "2.16"]
[White "Hramtsov, Alexander"]
[Black "Ibragimov, Eduard"]
[Result "1-0"]
[BlackElo "1717"]
[WhiteElo "2189"]
[LiveChessVersion "1.4.6"]

1. c4 {[%clk 0:10:06]} d6 {[%clk 0:10:07]} 2. Nc3 {[%clk 0:10:09]} Nf6
{[%clk 0:10:10]} 3. e4 {[%clk 0:10:11]} e5 {[%clk 0:10:14]} 4. g3
{[%clk 0:10:09]} Nc6 {[%clk 0:10:12]} 5. Bg2 {[%clk 0:10:12]} Be7
{[%clk 0:10:11]} 6. Nge2 {[%clk 0:10:15]} O-O {[%clk 0:10:08]} 7. O-O
{[%clk 0:10:17]} Be6 {[%clk 0:10:10]} 8. b3 {[%clk 0:10:19]} Qd7 {[%clk 0:10:14]}
9. f4 Bh3 {[%clk 0:09:58]} 10. f5 {[%clk 0:10:13]} Bxg2 {[%clk 0:10:01]} 11. Kxg2
{[%clk 0:10:17]} g6 {[%clk 0:09:36]} 12. d3 {[%clk 0:10:10]} Kg7 {[%clk 0:09:01]}
13. Qd2 {[%clk 0:09:33]} 1-0

[Event "Championship Moscow 2015 Seniors rapid"]
[Site "?"]
[Date "2015.11.29"]
[Round "2.17"]
[White "Zverkhovski, Vladimir"]
[Black "Bakhtin, Vladimir A."]
[Result "0-1"]
[BlackElo "2250"]
[WhiteElo "1939"]
[LiveChessVersion "1.4.6"]

1. d4 {[%clk 0:10:09]} Nf6 {[%clk 0:10:03]} 2. Nf3 {[%clk 0:10:11]} e6
{[%clk 0:09:58]} 3. g3 {[%clk 0:10:14]} b5 {[%clk 0:09:57]} 4. Bg2
{[%clk 0:10:16]} Bb7 {[%clk 0:10:01]} 5. O-O {[%clk 0:10:19]} Be7
{[%clk 0:10:03]} 6. c3 {[%clk 0:10:21]} O-O {[%clk 0:10:05]} 7. a4
{[%clk 0:10:21]} a6 {[%clk 0:10:03]} 8. axb5 {[%clk 0:10:23]} axb5
{[%clk 0:10:07]} 9. Rxa8 {[%clk 0:10:26]} Bxa8 {[%clk 0:10:11]} 10. Qb3
{[%clk 0:10:18]} Bc6 {[%clk 0:09:28]} 11. Ne5 {[%clk 0:10:17]} Bxg2
{[%clk 0:09:30]} 12. Kxg2 {[%clk 0:10:21]} d6 {[%clk 0:09:27]} 13. Nd3
{[%clk 0:10:20]} Qd7 {[%clk 0:09:21]} 14. Nd2 {[%clk 0:10:19]} Qc6+
{[%clk 0:08:53]} 15. Kg1 {[%clk 0:10:16]} Nbd7 {[%clk 0:08:55]} 16. f3
{[%clk 0:10:00]} Nb6 {[%clk 0:08:40]} 17. e4 {[%clk 0:09:52]} Nc4
{[%clk 0:08:39]} 18. Nb4 Nxd2 {[%clk 0:08:24]} 19. Bxd2 {[%clk 0:09:32]} Qb7
{[%clk 0:08:18]} 20. Ra1 c5 {[%clk 0:07:56]} 21. Nc2 {[%clk 0:09:27]} Nd7
{[%clk 0:07:09]} 22. Qa3 {[%clk 0:09:21]} Nb6 {[%clk 0:06:57]} 23. Qa7
{[%clk 0:09:22]} Rb8 24. Qxb7 {[%clk 0:09:06]} Rxb7 {[%clk 0:06:59]} 25. b3
{[%clk 0:09:00]} h6 {[%clk 0:06:50]} 26. Be3 {[%clk 0:08:41]} Kh7
{[%clk 0:06:27]} 27. Ra6 {[%clk 0:08:04]} Nd7 {[%clk 0:06:21]} 28. Bf4
{[%clk 0:07:48]} Nb8 {[%clk 0:05:40]} 29. Ra8 {[%clk 0:07:41]} g5
{[%clk 0:05:37]} 30. Be3 {[%clk 0:07:36]} Kg7 {[%clk 0:05:23]} 31. b4
{[%clk 0:06:19]} Nd7 {[%clk 0:03:59]} 32. Ra5 {[%clk 0:05:59]} cxb4 33. Nxb4
{[%clk 0:05:59]} Bd8 {[%clk 0:03:23]} 34. Ra6 {[%clk 0:05:55]} Nb6
{[%clk 0:03:09]} 35. d5 {[%clk 0:05:54]} Nc4 36. Bd4+ {[%clk 0:05:34]} e5
{[%clk 0:03:13]} 37. Ra7 {[%clk 0:05:23]} Rxa7 {[%clk 0:02:49]} 38. Bxa7
{[%clk 0:05:26]} Bb6+ {[%clk 0:02:52]} 39. Bxb6 {[%clk 0:05:25]} Nxb6
{[%clk 0:02:55]} 40. Kf2 {[%clk 0:05:12]} Na4 {[%clk 0:02:57]} 41. Na2
{[%clk 0:05:11]} Kf6 {[%clk 0:02:51]} 0-1

[Event "Championship Moscow 2015 Seniors rapid"]
[Site "?"]
[Date "2015.11.29"]
[Round "2.18"]
[White "Burkov, Dmitry"]
[Black "Andreev, Viktor B."]
[Result "0-1"]
[BlackElo "2184"]
[WhiteElo "2000"]
[LiveChessVersion "1.4.6"]

1. Nf3 {[%clk 0:10:07]} Nf6 {[%clk 0:10:09]} 2. c4 {[%clk 0:10:09]} g6
{[%clk 0:10:11]} 3. g3 {[%clk 0:10:13]} Bg7 {[%clk 0:10:16]} 4. Bg2
{[%clk 0:10:16]} O-O {[%clk 0:10:20]} 5. O-O {[%clk 0:10:19]} d6 {[%clk 0:10:22]}
6. d3 {[%clk 0:10:21]} e5 {[%clk 0:10:22]} 7. Nc3 {[%clk 0:10:24]} Nc6
{[%clk 0:10:25]} 8. a3 {[%clk 0:10:27]} a5 {[%clk 0:10:30]} 9. Rb1
{[%clk 0:10:30]} h6 {[%clk 0:10:25]} 10. b4 {[%clk 0:10:30]} axb4
{[%clk 0:10:29]} 11. axb4 {[%clk 0:10:34]} Be6 {[%clk 0:10:05]} 12. b5
{[%clk 0:10:30]} Ne7 {[%clk 0:10:08]} 13. Bd2 {[%clk 0:10:20]} Qd7
{[%clk 0:10:04]} 14. Qc2 {[%clk 0:10:17]} Kh7 {[%clk 0:09:59]} 15. Ra1
{[%clk 0:10:20]} c5 {[%clk 0:09:41]} 16. Ra2 {[%clk 0:09:53]} 0-1

[Event "Championship Moscow 2015 Seniors rapid"]
[Site "?"]
[Date "2015.11.29"]
[Round "2.19"]
[White "Absoliamov, Javday"]
[Black "Chernov, Yury"]
[Result "0-1"]
[BlackElo "2165"]
[WhiteElo "1875"]
[LiveChessVersion "1.4.6"]

1. c4 {[%clk 0:10:07]} e5 {[%clk 0:10:09]} 2. Nc3 {[%clk 0:10:10]} Nc6
{[%clk 0:10:12]} 3. g3 {[%clk 0:10:12]} g6 {[%clk 0:10:16]} 4. Bg2
{[%clk 0:10:15]} Bg7 {[%clk 0:10:20]} 5. e3 {[%clk 0:10:17]} d6 {[%clk 0:10:22]}
6. Nge2 {[%clk 0:10:20]} Be6 {[%clk 0:10:25]} 7. b3 {[%clk 0:10:23]} Qd7
{[%clk 0:10:28]} 8. O-O {[%clk 0:10:25]} Bh3 {[%clk 0:10:30]} 9. d4
{[%clk 0:10:25]} h5 {[%clk 0:10:03]} 10. d5 {[%clk 0:10:07]} Nce7
{[%clk 0:09:59]} 11. f3 {[%clk 0:09:48]} Bxg2 {[%clk 0:09:41]} 12. Kxg2
{[%clk 0:09:49]} h4 {[%clk 0:09:44]} 13. g4 {[%clk 0:09:46]} h3+ {[%clk 0:09:47]}
14. Kh1 {[%clk 0:09:37]} e4 15. Nd4 exf3 16. Qxf3 {[%clk 0:08:25]} O-O-O
{[%clk 0:06:19]} 17. Qxf7 {[%clk 0:07:01]} Bxd4 {[%clk 0:06:11]} 18. exd4
{[%clk 0:06:59]} Rh4 {[%clk 0:05:00]} 19. Qe6 {[%clk 0:06:03]} Rxg4
{[%clk 0:04:58]} 20. Be3 {[%clk 0:05:26]} Nf5 {[%clk 0:04:54]} 21. Qxd7+
{[%clk 0:04:01]} Kxd7 22. Bg1 {[%clk 0:03:09]} Re8 {[%clk 0:04:22]} 23. Rae1
{[%clk 0:02:59]} Rxe1 {[%clk 0:04:01]} 24. Rxe1 {[%clk 0:03:02]} Nf6 25. Re6
{[%clk 0:01:31]} Nh5 {[%clk 0:03:45]} 0-1

[Event "Championship Moscow 2015 Seniors rapid"]
[Site "?"]
[Date "2015.11.29"]
[Round "3.1"]
[White "Arkhipov, Sergey"]
[Black "Tchernyi, Viktor"]
[Result "1-0"]
[BlackElo "2249"]
[WhiteElo "2507"]
[LiveChessVersion "1.4.6"]

1. d4 {[%clk 0:10:09]} d5 {[%clk 0:09:55]} 2. c4 {[%clk 0:10:11]} c6
{[%clk 0:09:58]} 3. e3 {[%clk 0:10:11]} Nf6 {[%clk 0:09:56]} 4. Nf3
{[%clk 0:10:14]} Bf5 {[%clk 0:09:15]} 5. Nc3 {[%clk 0:10:15]} e6 {[%clk 0:09:19]}
6. Nh4 {[%clk 0:09:37]} Be4 {[%clk 0:09:03]} 7. f3 {[%clk 0:09:32]} Bg6
{[%clk 0:09:05]} 8. Nxg6 {[%clk 0:09:00]} hxg6 {[%clk 0:09:08]} 9. g3
{[%clk 0:08:36]} Nbd7 {[%clk 0:08:49]} 10. Qb3 {[%clk 0:08:32]} Qb6
{[%clk 0:08:21]} 11. Bg2 {[%clk 0:08:27]} Bd6 {[%clk 0:06:03]} 12. O-O
{[%clk 0:07:56]} Qxb3 {[%clk 0:05:11]} 13. axb3 {[%clk 0:07:59]} a6
{[%clk 0:05:00]} 14. Bd2 {[%clk 0:07:25]} Ke7 {[%clk 0:04:37]} 15. Rae1
{[%clk 0:07:19]} Rh5 {[%clk 0:03:55]} 16. Ne2 {[%clk 0:06:22]} Rah8
{[%clk 0:03:44]} 17. h3 {[%clk 0:06:22]} g5 {[%clk 0:03:03]} 18. g4
{[%clk 0:06:03]} R5h7 {[%clk 0:02:01]} 19. e4 {[%clk 0:05:55]} e5
{[%clk 0:01:54]} 20. exd5 {[%clk 0:05:43]} cxd5 {[%clk 0:01:53]} 21. Bxg5
{[%clk 0:05:20]} exd4 {[%clk 0:01:06]} 22. Nxd4+ {[%clk 0:04:33]} Kf8
{[%clk 0:01:03]} 23. Nf5 {[%clk 0:04:34]} Bb4 {[%clk 0:00:58]} 24. Rd1
{[%clk 0:04:20]} g6 {[%clk 0:00:47]} 25. Ne3 {[%clk 0:04:06]} dxc4
{[%clk 0:00:37]} 26. bxc4 {[%clk 0:04:03]} Kg7 {[%clk 0:00:36]} 27. Nc2
{[%clk 0:03:35]} Bc5+ {[%clk 0:00:36]} 28. Be3 {[%clk 0:03:39]} Bxe3+
{[%clk 0:00:34]} 29. Nxe3 {[%clk 0:03:43]} Re8 {[%clk 0:00:35]} 30. Kf2
{[%clk 0:03:33]} Nc5 {[%clk 0:00:24]} 31. b4 {[%clk 0:03:26]} Ne6
{[%clk 0:00:26]} 32. Kg3 {[%clk 0:03:02]} Ng5 {[%clk 0:00:21]} 33. Nd5
{[%clk 0:02:55]} Nxd5 {[%clk 0:00:16]} 34. Rxd5 {[%clk 0:02:41]} Kf6
{[%clk 0:00:15]} 35. Rfd1 {[%clk 0:02:35]} Reh8 {[%clk 0:00:17]} 36. Rd7
{[%clk 0:02:17]} Nxh3 {[%clk 0:00:17]} 37. R1d6+ {[%clk 0:02:03]} Kg7
{[%clk 0:00:16]} 38. Rxb7 {[%clk 0:01:58]} g5 {[%clk 0:00:13]} 39. Rd5
{[%clk 0:01:29]} Kg6 {[%clk 0:00:11]} 40. Rb6+ {[%clk 0:01:26]} f6
{[%clk 0:00:11]} 41. Rdd6 {[%clk 0:01:21]} Nf4 {[%clk 0:00:11]} 42. Rxf6+
{[%clk 0:01:19]} Kg7 {[%clk 0:00:16]} 43. Rf5 {[%clk 0:01:13]} Nxg2
{[%clk 0:00:10]} 44. Rxg5+ {[%clk 0:01:02]} Kf7 {[%clk 0:00:14]} 45. Rf5+
{[%clk 0:01:04]} Ke7 {[%clk 0:00:16]} 46. Rb7+ {[%clk 0:01:02]} Ke8 1-0

[Event "Championship Moscow 2015 Seniors rapid"]
[Site "?"]
[Date "2015.11.29"]
[Round "3.2"]
[White "Kachar, Vladimir"]
[Black "Zilbert, Oleg"]
[Result "0-1"]
[BlackElo "2357"]
[WhiteElo "2237"]
[LiveChessVersion "1.4.6"]

1. d4 {[%clk 0:10:09]} g6 {[%clk 0:10:07]} 2. e4 {[%clk 0:10:11]} Bg7
{[%clk 0:10:11]} 3. Nf3 {[%clk 0:10:10]} c6 {[%clk 0:10:15]} 4. c4
{[%clk 0:09:58]} d6 {[%clk 0:09:58]} 5. Nc3 {[%clk 0:09:59]} Bg4 {[%clk 0:10:01]}
6. Be2 {[%clk 0:10:03]} c5 {[%clk 0:09:57]} 7. dxc5 {[%clk 0:09:47]} Bxc3+ 8.
bxc3 {[%clk 0:09:51]} dxc5 {[%clk 0:10:02]} 9. Qxd8+ {[%clk 0:09:43]} Kxd8
{[%clk 0:10:06]} 10. Be3 {[%clk 0:08:08]} Nd7 {[%clk 0:10:01]} 11. a4
{[%clk 0:07:32]} Ngf6 12. Ng5 Bxe2 {[%clk 0:08:50]} 13. Kxe2 {[%clk 0:07:35]} Ke8
{[%clk 0:08:53]} 14. f3 {[%clk 0:07:21]} h6 {[%clk 0:08:52]} 15. Nh3
{[%clk 0:07:24]} e5 {[%clk 0:08:34]} 16. Rhd1 {[%clk 0:07:20]} Ke7
{[%clk 0:08:36]} 17. Rab1 {[%clk 0:07:17]} b6 {[%clk 0:08:38]} 18. a5
{[%clk 0:07:20]} g5 {[%clk 0:08:07]} 19. Nf2 {[%clk 0:07:21]} Rhg8
{[%clk 0:07:51]} 20. h3 {[%clk 0:07:23]} Nh5 {[%clk 0:07:35]} 21. Ng4
{[%clk 0:07:13]} Nf4+ {[%clk 0:07:11]} 22. Kf1 {[%clk 0:06:48]} h5
{[%clk 0:07:05]} 23. Nh6 {[%clk 0:06:49]} Rgd8 {[%clk 0:06:30]} 24. Nf5+
{[%clk 0:06:51]} Kf8 {[%clk 0:06:28]} 25. a6 {[%clk 0:05:53]} Nf6
{[%clk 0:06:19]} 26. h4 {[%clk 0:05:11]} g4 {[%clk 0:05:00]} 27. Nd6
{[%clk 0:04:52]} gxf3 {[%clk 0:04:41]} 28. gxf3 {[%clk 0:04:54]} Ne8
{[%clk 0:04:17]} 29. Nb5 {[%clk 0:04:51]} Ne6 {[%clk 0:02:50]} 30. Rd5
{[%clk 0:04:44]} f6 {[%clk 0:02:46]} 31. Rbd1 {[%clk 0:04:42]} Ke7
{[%clk 0:02:47]} 32. Kf2 {[%clk 0:04:32]} N6c7 {[%clk 0:02:43]} 33. Rxd8
{[%clk 0:03:44]} Rxd8 {[%clk 0:02:46]} 34. Rxd8 {[%clk 0:03:45]} Kxd8
{[%clk 0:02:50]} 35. Nxa7 {[%clk 0:03:45]} Nxa6 {[%clk 0:02:44]} 36. Nb5
{[%clk 0:03:48]} Nb8 {[%clk 0:02:40]} 37. f4 {[%clk 0:03:40]} Nc6
{[%clk 0:02:43]} 38. fxe5 {[%clk 0:03:35]} Nxe5 {[%clk 0:02:42]} 39. Na3
{[%clk 0:03:19]} Nd6 {[%clk 0:02:46]} 40. Bf4 {[%clk 0:03:10]} Nxe4+
{[%clk 0:02:48]} 41. Ke3 {[%clk 0:03:13]} Nxc3 {[%clk 0:02:49]} 42. Bg3
{[%clk 0:02:53]} Kd7 {[%clk 0:02:50]} 43. Be1 {[%clk 0:02:56]} Na4
{[%clk 0:02:50]} 44. Ke4 {[%clk 0:02:59]} Ke6 {[%clk 0:02:55]} 45. Bd2
{[%clk 0:02:53]} Nb2 {[%clk 0:02:56]} 46. Bf4 {[%clk 0:02:39]} f5+
{[%clk 0:02:54]} 47. Ke3 {[%clk 0:02:40]} Nbxc4+ {[%clk 0:02:58]} 48. Nxc4
{[%clk 0:02:43]} Nxc4+ {[%clk 0:03:02]} 49. Kd3 {[%clk 0:02:45]} Kd5
{[%clk 0:03:06]} 50. Bc7 b5 0-1

[Event "Championship Moscow 2015 Seniors rapid"]
[Site "?"]
[Date "2015.11.29"]
[Round "3.3"]
[White "Skorodumov, Vladimir"]
[Black "Kuindzhy, Alexander"]
[Result "1/2-1/2"]
[BlackElo "2317"]
[WhiteElo "2234"]
[LiveChessVersion "1.4.6"]

1. c4 {[%clk 0:10:09]} e6 {[%clk 0:10:08]} 2. Nf3 {[%clk 0:10:12]} Nf6
{[%clk 0:10:11]} 3. g3 {[%clk 0:10:16]} d5 {[%clk 0:10:14]} 4. b3
{[%clk 0:10:20]} c5 {[%clk 0:10:17]} 5. Bg2 {[%clk 0:10:24]} d4 {[%clk 0:10:20]}
6. O-O {[%clk 0:10:27]} Nc6 {[%clk 0:10:24]} 7. e3 {[%clk 0:10:25]} e5
{[%clk 0:10:23]} 8. exd4 {[%clk 0:10:27]} exd4 {[%clk 0:10:20]} 9. d3
{[%clk 0:10:25]} Be7 {[%clk 0:10:23]} 10. Bg5 {[%clk 0:09:49]} O-O
{[%clk 0:10:12]} 11. Nbd2 {[%clk 0:09:51]} h6 {[%clk 0:10:11]} 12. Bxf6
{[%clk 0:09:54]} Bxf6 {[%clk 0:10:14]} 13. Re1 {[%clk 0:09:52]} Bf5
{[%clk 0:09:43]} 14. Ne4 {[%clk 0:09:54]} Be7 {[%clk 0:09:20]} 15. a3
{[%clk 0:09:35]} a5 {[%clk 0:09:10]} 16. Re2 {[%clk 0:08:21]} Qc8
{[%clk 0:08:13]} 17. Ne1 {[%clk 0:07:28]} Re8 {[%clk 0:07:37]} 18. f4
{[%clk 0:07:09]} Bg4 {[%clk 0:07:19]} 19. Bf3 {[%clk 0:06:49]} Bf8
{[%clk 0:06:38]} 20. Nf2 {[%clk 0:06:34]} Bxf3 {[%clk 0:06:31]} 21. Nxf3
{[%clk 0:06:39]} Rxe2 {[%clk 0:06:17]} 22. Qxe2 {[%clk 0:06:42]} a4
{[%clk 0:06:22]} 23. Rb1 {[%clk 0:06:11]} Qc7 {[%clk 0:05:52]} 24. Qe4
{[%clk 0:05:22]} Qb6 {[%clk 0:05:13]} 25. Nd2 {[%clk 0:04:54]} Qa5
{[%clk 0:05:17]} 26. Nf3 {[%clk 0:04:46]} Qb6 {[%clk 0:04:47]} 27. Nd2
{[%clk 0:04:46]} Qa5 28. Nf3 1/2-1/2

[Event "Championship Moscow 2015 Seniors rapid"]
[Site "?"]
[Date "2015.11.29"]
[Round "3.4"]
[White "Shvedchikov, Anatoli I."]
[Black "Hait, Alexander"]
[Result "0-1"]
[BlackElo "2218"]
[WhiteElo "2293"]
[LiveChessVersion "1.4.6"]

1. c4 {[%clk 0:10:09]} g6 {[%clk 0:10:08]} 2. e4 {[%clk 0:10:11]} Bg7
{[%clk 0:10:11]} 3. d4 {[%clk 0:10:15]} d6 {[%clk 0:10:14]} 4. Nc3
{[%clk 0:10:18]} Nf6 {[%clk 0:10:16]} 5. f3 {[%clk 0:10:22]} O-O {[%clk 0:10:15]}
6. Be3 {[%clk 0:10:26]} c5 {[%clk 0:10:19]} 7. dxc5 {[%clk 0:10:29]} dxc5
{[%clk 0:10:23]} 8. Qxd8 {[%clk 0:10:32]} Rxd8 {[%clk 0:10:28]} 9. Bxc5
{[%clk 0:10:35]} Nc6 {[%clk 0:10:32]} 10. Nge2 {[%clk 0:10:33]} Nd7
{[%clk 0:10:26]} 11. Ba3 {[%clk 0:10:36]} Nde5 {[%clk 0:10:28]} 12. Nf4
{[%clk 0:10:14]} e6 {[%clk 0:09:48]} 13. Rd1 {[%clk 0:09:47]} Rxd1+
{[%clk 0:07:37]} 14. Kxd1 {[%clk 0:09:28]} Na5 {[%clk 0:07:39]} 15. Kc2
{[%clk 0:07:40]} Naxc4 {[%clk 0:07:32]} 16. Bc5 {[%clk 0:07:25]} b6
{[%clk 0:06:14]} 17. Bf2 {[%clk 0:07:21]} Bb7 {[%clk 0:06:03]} 18. Be2
{[%clk 0:06:50]} Rc8 {[%clk 0:03:50]} 19. Rd1 {[%clk 0:06:34]} b5
{[%clk 0:03:24]} 20. Kb1 {[%clk 0:05:32]} Nxb2 {[%clk 0:02:25]} 21. Kxb2
{[%clk 0:05:32]} b4 {[%clk 0:02:29]} 22. Bd4 {[%clk 0:05:24]} bxc3+
{[%clk 0:02:23]} 23. Bxc3 {[%clk 0:05:21]} h5 {[%clk 0:01:42]} 24. Kb3
{[%clk 0:04:58]} Rb8 {[%clk 0:01:37]} 25. Bb4 {[%clk 0:04:38]} Bc6
{[%clk 0:01:05]} 26. Ka3 {[%clk 0:04:35]} a5 {[%clk 0:00:41]} 27. Bd6
{[%clk 0:04:22]} Nc4+ {[%clk 0:00:42]} 28. Bb4 Ne5 29. Kb3 Rb6 30. Ba6 Bb7 31.
Bc3 0-1

[Event "Championship Moscow 2015 Seniors rapid"]
[Site "?"]
[Date "2015.11.29"]
[Round "3.5"]
[White "Ageichenko, Genadi A"]
[Black "Tsarev, Valery"]
[Result "1-0"]
[BlackElo "2270"]
[WhiteElo "2219"]
[LiveChessVersion "1.4.6"]

1. e4 {[%clk 0:10:07]} c5 {[%clk 0:09:49]} 2. c3 {[%clk 0:10:08]} d6
{[%clk 0:09:49]} 3. Nf3 {[%clk 0:09:48]} Nf6 {[%clk 0:09:46]} 4. Bb5+
{[%clk 0:09:39]} Nbd7 {[%clk 0:09:45]} 5. Qe2 {[%clk 0:09:36]} e5
{[%clk 0:09:45]} 6. a4 Be7 {[%clk 0:09:45]} 7. O-O {[%clk 0:09:24]} O-O
{[%clk 0:09:48]} 8. Na3 {[%clk 0:09:25]} a6 {[%clk 0:09:49]} 9. Bc4
{[%clk 0:09:21]} Qc7 {[%clk 0:09:51]} 10. d3 {[%clk 0:09:19]} h6 {[%clk 0:09:50]}
11. Nc2 {[%clk 0:09:12]} Re8 {[%clk 0:09:02]} 12. Ne3 {[%clk 0:09:11]} Bf8
{[%clk 0:09:05]} 13. Bb3 {[%clk 0:08:58]} Nb8 {[%clk 0:08:17]} 14. Nh4
{[%clk 0:08:46]} Nc6 {[%clk 0:08:17]} 15. Ng6 {[%clk 0:08:35]} Na5
{[%clk 0:08:07]} 16. Ba2 {[%clk 0:08:40]} Be6 {[%clk 0:08:03]} 17. Nxf8
{[%clk 0:08:36]} Rxf8 {[%clk 0:07:55]} 18. f4 {[%clk 0:08:18]} Bxa2
{[%clk 0:07:48]} 19. Rxa2 {[%clk 0:08:22]} Rfe8 {[%clk 0:07:09]} 20. fxe5
{[%clk 0:08:14]} Rxe5 {[%clk 0:07:13]} 21. Nf5 {[%clk 0:08:11]} Re6
{[%clk 0:06:59]} 22. Qf3 {[%clk 0:07:35]} Kf8 {[%clk 0:06:09]} 23. Qg3
{[%clk 0:07:25]} Ne8 {[%clk 0:06:13]} 24. Bf4 {[%clk 0:07:22]} g5
{[%clk 0:05:51]} 25. Be3 {[%clk 0:07:10]} c4 {[%clk 0:05:34]} 26. d4
{[%clk 0:07:05]} d5 {[%clk 0:05:09]} 27. e5 {[%clk 0:07:00]} Nb3 {[%clk 0:05:10]}
28. Qh3 {[%clk 0:06:51]} Qc6 {[%clk 0:04:39]} 29. Bxg5 {[%clk 0:06:48]} Nd2
{[%clk 0:04:22]} 30. Bxd2 1-0

[Event "Championship Moscow 2015 Seniors rapid"]
[Site "?"]
[Date "2015.11.29"]
[Round "3.6"]
[White "Kremenietsky, Anatoly M."]
[Black "Hramtsov, Alexander"]
[Result "0-1"]
[BlackElo "2189"]
[WhiteElo "2262"]
[LiveChessVersion "1.4.6"]

1. c4 {[%clk 0:10:07]} e6 {[%clk 0:10:05]} 2. Nc3 {[%clk 0:10:06]} d5
{[%clk 0:10:08]} 3. d4 {[%clk 0:10:10]} c6 {[%clk 0:10:12]} 4. e3
{[%clk 0:10:05]} f5 {[%clk 0:10:15]} 5. Nh3 {[%clk 0:10:02]} Nf6 {[%clk 0:10:15]}
6. Nf4 {[%clk 0:10:05]} Bd6 {[%clk 0:10:11]} 7. g3 {[%clk 0:10:08]} O-O
{[%clk 0:10:13]} 8. Be2 {[%clk 0:09:58]} Qe7 {[%clk 0:10:14]} 9. Bd2
{[%clk 0:09:50]} dxc4 {[%clk 0:09:36]} 10. Bxc4 {[%clk 0:09:52]} Nd5
{[%clk 0:09:38]} 11. Qc2 {[%clk 0:09:07]} Nd7 {[%clk 0:09:24]} 12. a3
{[%clk 0:09:10]} N7f6 {[%clk 0:09:22]} 13. h4 {[%clk 0:08:49]} Nxf4
{[%clk 0:08:46]} 14. gxf4 {[%clk 0:08:51]} Nd5 {[%clk 0:08:44]} 15. h5
{[%clk 0:08:35]} Bd7 {[%clk 0:08:41]} 16. h6 {[%clk 0:08:33]} g6 {[%clk 0:08:21]}
17. Rc1 {[%clk 0:07:31]} a5 {[%clk 0:08:20]} 18. Ba2 {[%clk 0:07:25]} b5
{[%clk 0:07:51]} 19. Kf1 {[%clk 0:07:01]} b4 {[%clk 0:07:32]} 20. Nxd5
{[%clk 0:05:51]} cxd5 {[%clk 0:07:29]} 21. axb4 {[%clk 0:05:40]} axb4
{[%clk 0:07:30]} 22. Qb1 {[%clk 0:05:25]} Rfc8 {[%clk 0:07:03]} 23. Bb3
{[%clk 0:05:18]} Bb5+ {[%clk 0:06:54]} 24. Kg2 {[%clk 0:05:21]} Bc4
{[%clk 0:06:58]} 25. Bd1 {[%clk 0:04:56]} b3 {[%clk 0:06:51]} 26. Kf3
{[%clk 0:04:27]} Qb7 {[%clk 0:06:01]} 27. Be2 {[%clk 0:04:27]} Ra4
{[%clk 0:04:50]} 28. Kg3 {[%clk 0:03:18]} 0-1

[Event "Championship Moscow 2015 Seniors rapid"]
[Site "?"]
[Date "2015.11.29"]
[Round "3.7"]
[White "Chernov, Yury"]
[Black "Dragomarezkij, Evgeni"]
[Result "1-0"]
[BlackElo "2431"]
[WhiteElo "2165"]
[LiveChessVersion "1.4.6"]

1. e4 {[%clk 0:10:10]} c5 {[%clk 0:10:14]} 2. Nc3 {[%clk 0:10:13]} Nc6
{[%clk 0:10:16]} 3. g3 {[%clk 0:10:14]} g6 {[%clk 0:10:20]} 4. Bg2
{[%clk 0:10:12]} Bg7 {[%clk 0:10:23]} 5. d3 {[%clk 0:10:17]} d6 {[%clk 0:10:26]}
6. f4 {[%clk 0:10:17]} e6 {[%clk 0:10:10]} 7. Nf3 {[%clk 0:10:12]} Nge7 8. O-O
{[%clk 0:10:16]} O-O {[%clk 0:10:08]} 9. g4 {[%clk 0:10:17]} f5 {[%clk 0:09:45]}
10. gxf5 {[%clk 0:10:20]} exf5 {[%clk 0:09:47]} 11. Be3 {[%clk 0:10:23]} Kh8
{[%clk 0:09:21]} 12. Qd2 {[%clk 0:10:21]} Be6 {[%clk 0:09:19]} 13. Rae1
{[%clk 0:10:20]} Qd7 {[%clk 0:09:02]} 14. b3 {[%clk 0:10:13]} Bg8
{[%clk 0:08:20]} 15. e5 {[%clk 0:09:54]} b6 {[%clk 0:07:33]} 16. d4
{[%clk 0:08:01]} dxe5 {[%clk 0:06:43]} 17. dxe5 {[%clk 0:06:49]} Rad8
{[%clk 0:05:20]} 18. Qf2 h6 19. Rd1 Qe6 20. h4 Rxd1 21. Rxd1 Rd8 22. Rxd8 Nxd8
23. Qd2 Qc8 24. Nb5 a6 25. Nd6 Qe6 26. Bf1 Qd5 27. Kf2 Ndc6 28. Bxa6 Nb4 29. Bd3
Nxa2 30. c4 Qa8 31. h5 Nb4 32. hxg6 Nxd3+ 33. Qxd3 Be6 34. Nf7+ Kg8 35. Qd6 Bxf7
36. gxf7+ Kxf7 37. e6+ Kf8 38. Ne5 Bxe5 39. Qxe5 Qe4 40. Qf6+ 1-0